| 000 | 00753nam a2200229Ia 4500 | ||
|---|---|---|---|
| 003 | GCL | ||
| 008 | 140319s9999 xx 000 0 ara d | ||
| 040 |
_aGCL / _cGCL |
||
| 082 | 0 | 4 |
_a616.89 _bق ط |
| 100 | 1 | _aاحمد عكاشة | |
| 245 | 1 | 0 |
_aالطب النفسى والقضاء : فى أسس الطب النفسى الشرعى / _cاحمد عكاشة |
| 700 | 1 | _aقتيبة سالم الحلبى | |
| 700 | 1 | _aصالح بن سعد اللحيدان | |
| 260 |
_a[S.N] : _bمكتبة الانجلوالمصرية ، _c1994 |
||
| 300 | _a270 ص | ||
| 490 | _a | ||
| 650 | 0 | 4 | _aالقانون |
| 650 | 0 | 4 | _aالطب الشرعى |
| 650 | 0 | 4 | _aالطب النفسى الشرعى |
| 650 | 0 | 4 | _aالامراض العقلية |
| 942 |
_2ddc _cBK |
||
| 999 |
_c37341 _d37341 |
||